000 00451nam a2200193Ia 4500
003 OSt
005 20221005113833.0
006 a|||||r|||| 00| 0
007 ta
008 221004b |||||||| |||| 00| 0 eng d
024 _a111199
037 _cTextual
040 _aCRL
_cCRL
_beng
041 _2eng
_aeng
245 0 _aAgenda Protectorate
_b Memorandom on the 1959-60
260 _c1960
942 _cTEXL
_2cc
999 _c1029443
_d1029443